A diligent approach will uncover concrete cancer (Record no. 75376)
[ view plain ]
| 000 -LEADER | |
|---|---|
| fixed length control field | 01213cab a2200193 4500 |
| 001 - CONTROL NUMBER | |
| control field | L129976 |
| 008 - FIXED-LENGTH DATA ELEMENTS--GENERAL INFORMATION | |
| fixed length control field | 050610n2005 000 0 eng u |
| 035 ## - SYSTEM CONTROL NUMBER | |
| System control number | (Sirsi) u129976 |
| 041 ## - LANGUAGE CODE | |
| Language code of text/sound track or separate title | eng |
| 100 ## - MAIN ENTRY--PERSONAL NAME | |
| Personal name | Stocks, Jo |
| 245 #2 - TITLE STATEMENT | |
| Title | A diligent approach will uncover concrete cancer |
| 260 ## - PUBLICATION, DISTRIBUTION, ETC. | |
| Date of publication, distribution, etc. | 2005 |
| 490 ## - SERIES STATEMENT | |
| Series statement | Property Week |
| Volume/sequential designation | 70(17) 29 April 2005, 79(1) |
| 520 ## - SUMMARY, ETC. | |
| Summary, etc. | Considers the risks to buildings from concrete cancer, cement and concrete with alkali levels high enough to cause Alkali Silica Reaction (ASR). This follows the announcement that for more than two years, the Westbury plant of Lafarge Cement UK has been unknowingly supplying these damaged materials. Argues that the existence of high-alkali cement does not mean that ASR is inevitable as three factors must be present; high alkalinity, moisture, and a particular silica in the aggregate. Gives five points to consider when assessing the risk of any building developing ASR which include the use of the affected concrete, the reinforcement arrangements and the level of the groundwater on site. |
| 590 ## - LOCAL NOTE (RLIN) | |
| Local note | IKA210605 |
| 650 ## - SUBJECT ADDED ENTRY--TOPICAL TERM | |
| Topical term or geographic name entry element | ALKALI SILICA REACTION |
| 690 ## - LOCAL SUBJECT ADDED ENTRY--TOPICAL TERM (OCLC, RLIN) | |
| Topical term or geographic name as entry element | BUILT ENVIRONMENT-BUILDING PATHOLOGY-DETERIORATION |
| 942 ## - ADDED ENTRY ELEMENTS (KOHA) | |
| Suppress in OPAC | 0 |
| Withdrawn status | Lost status | Source of classification or shelving scheme | Damaged status | Not for loan | Home library | Current library | Shelving location | Date acquired | Total Checkouts | Full call number | Barcode | Date last seen | Copy number | Price effective from | Koha item type |
|---|---|---|---|---|---|---|---|---|---|---|---|---|---|---|---|
| Dewey Decimal Classification | London | London | Journal article | 10/06/2005 | L129976 | 129976-1001 | 06/08/2019 | 1 | 06/08/2019 | Journal article |